00500 2200193 4500001002100000005001500021008004100036020002200077035001900099041000700118082001400125090001400139100002300153245004100176250000600217260003300223300002900256650002100285INLIS00000000001538620241224114926241224||||||||| | ||| |||| || |  a978-979-730-635-6 0010-1224015386 aid0 a320 GAT i a320 GAT i0 aA. A. Sahid Gatara00aIlmu Politik Memahami Dan Menerapkan a1 aBandungbPustaka Setiac2009 a358 hlm,; 16.5 x 23.5 cm 0aIlmu ilmu sosial